000 01415cam a2200337 a 4500
001 EDZ0000083425
003 StDuBDS
005 20161031105209.0
006 m||||||||d||||||||
007 cr |||||||||||
008 120427s2006 enk fo| 001|0|eng d
020 _a9781446214183 (ebook) :
_cNo price
040 _aStDuBDS
_beng
_cStDuBDS
_epn
049 _aAlfaisal Main Library
050 0 _aLB1731
_b.K414 2006
082 0 4 _a370.71
_223
100 1 _aKelly, Sue,
_d1961-
245 1 4 _aThe CPD co-ordinator's toolkit
_h[electronic resource] /
_cSue Kelly.
260 _aLondon :
_bPaul Chapman,
_c2006.
300 _a1 online resource (xiii, 111 p.)
504 _aIncludes bibliographical references and index.
520 8 _aThis step-by-step guide is ideal for newly appointed CPD Co-ordinators, and is also a time-saving resource for anyone with responsibility for CPD. It clearly explains the requirements of the CPD Co-ordinator role, and includes a CD-ROM with useful resources to help implement effective practice.
521 _aSpecialized.
588 _aDescription based on print version record.
650 0 _aTeachers
_xIn-service training.
655 7 _aElectronic books.
_2local
710 2 _aSage eBooks
776 0 8 _iPrint version :
_z9781412929332
856 4 0 _uhttp://ezproxy.alfaisal.edu/login?url=http://sk.sagepub.com/books/the-cpd-coordinators-toolkit
942 _2lcc
_cEBOOKS
999 _c481474
_d481474